000 00418nam a22001697a 4500
003 OSt
008 260506b |||||||| |||| 00| 0 eng d
082 _a633.11
_bM32A
100 _aMarar, Manoj Kumar
245 _aAgronomic Management for Yield Maximization in Wheat
260 _aPusa, Samastipur
_bRAU
_c1995
300 _a81P.
502 _bMsc.
_d1995
650 _aAgronomy
650 _aMsc.
942 _2ddc
_cT
999 _c50463
_d50463